000
00253 a2200109 4500
001
71106
040
_c
Anchieta - Colégio São Paulo
240
1
0
_a
Como treinar seu Dragão
_l
245
1
0
_a
Como treinar seu Dragão
650
4
_a
Generalidades
942
_c
MX
999
_c
71106
_d
71106